[Event "Niedersachsen-ch op-C"]
[Site "Verden an der Aller"]
[Date "2020.01.02"]
[Round "1"]
[White "Schinner, Alexander"]
[Black "Hossen, Alan"]
[Result "1-0"]
[WhiteElo "1337"]
[BlackElo "846"]
[PlyCount "41"]
[EventDate "2020.01.02"]
[EventType "swiss"]
[EventRounds "7"]
[EventCountry "GER"]
[SourceTitle "EXT 2023"]
[Source "ChessBase"]
[SourceDate "2022.10.05"]
[SourceVersion "1"]
[SourceVersionDate "2022.10.05"]
[SourceQuality "1"]

1. d4 d5 2. c4 Nf6 3. Nf3 Bf5 4. Nc3 c6 5. Bg5 e6 6. cxd5 cxd5 7. g3 h6 8. Bxf6 Qxf6 9. Bg2 Nc6 10. 0-0 a6 11. e3 Bg4 12. e4 Bxf3 13. Bxf3 Nxd4 14. Bg2 Rd8 15. exd5 Bb4 16. Qa4+ b5 17. Qxb4 Nc2 18. Qc5 Nxa1 19. Rxa1 g5 20. dxe6 Qxe6 21. Bc6+ 1-0